| 000 | 00559nam a2200181 4500 | ||
|---|---|---|---|
| 001 | 113417 | ||
| 003 | ES-MaACL | ||
| 005 | 20250830212206.0 | ||
| 007 | t| | ||
| 008 | 061121s1969 xxu r ||||1| spa d | ||
| 100 | 1 |
_aNixon, Richard M. _985786 |
|
| 245 | 1 | 0 |
_aA la alta cima de la paz / _cRichard M. Nixon. |
| 260 |
_aWashington : _bServicio de Información de los Estados Unidos, _c1969. |
||
| 300 |
_a14 p. : _bil. ; _c23 cm. |
||
| 710 | 2 |
_aUnited States Information Service _94026 |
|
| 852 |
_aES-MaACL _j2068-F-2 _bR.69090 |
||
| 999 |
_c113417 _d113417 |
||